000 00528nam a2200181Ia 4500
999 _c32608
_d32608
003 OSt
005 20201014112110.0
008 190216s9999||||xx |||||||||||||| ||und||
020 _a9788178795935
040 _coclc
082 _a613.71
_bGOR/E
100 _aGore, C S
_95704
245 0 _aEvaluation In Physical Education And Sports /
_cC S Gore
260 _bSports Publication,
_c2010.
_aNew Delhi:
300 _a329p
650 _aSports And Games
942 _cBK
_2ddc
_h613.71
_iGOR/E
_k613.71
_mGOR/E